Najludniejsze miasta Jugosławi - Statystyki

Ogólne statystyki
  • Ten quiz został rozwiązany 379 razy
    378 od ostatniego zresetowania
  • Średni wynik to 10 z 20
Statystyki odpowiedzi
lp. Populacja Miasto % Poprawnych
1 1 659 440 Belgrad
98%
2 803 900 Zagrzeb
98%
4 393 000 Sarajewo
94%
3 491 000 Skopje
88%
6 280 940 Lublana
85%
12 150 877 Podgorica
84%
13 145 149 Prisztina
78%
9 178 192 Split
67%
5 372 999 Nowy Sad
64%
15 128 624 Rijeka
43%
19 116 769 Maribor
40%
11 164 200 Banja Luka
36%
7 260 237 Nisz
34%
10 168 302 Zadar
30%
14 141 554 Subotica
12%
8 180 252 Kragujevac
11%
18 123 362 Zrenjanin
4%
20 115 337 Čačak
3%
16 125 488 Kraljevo
1%
17 123 414 Pančevo
1%
Nie znaleziono quizów pasujących do podanych kryteriów
Rozkład punktacji
Procent ludzi z każdym wynikiem
Percentyl według liczby udzielonych odpowiedzi
Twoja historia wyników
Nie rozwiązałeś tego quizu od ostatniego zresetowania